Największe Imperia świata. - Statystyki

Ogólne statystyki
  • Ten quiz został rozwiązany 947 razy
  • Średni wynik to 3 z 10
Statystyki odpowiedzi
... Odpowiedź % Poprawnych
1. Imperium Brytyjskie
85%
2. Imperium Mongolskie
78%
3. Imperium Rosyjskie
63%
4. ZSRR
43%
7. Dynastia qing
10%
9. Francuskie imperium kolonialne
8%
5. Hiszpańskie imperium kolonialne
7%
6. Federacja Rosyjska
3%
10. Islamski kalifat Abbasydów
1%
8. Islamski kalifat umajjadów
1%
Nie znaleziono quizów pasujących do podanych kryteriów
Rozkład punktacji
Procent ludzi z każdym wynikiem
Percentyl według liczby udzielonych odpowiedzi
Twoja historia wyników
Nie rozwiązałeś tego quizu